000 00483nam a22001697a 4500
005 20251108164356.0
008 250721s1991 xx 000 0 ara d
082 1 4 _a413/يسر
100 1 _aعبد الله، يسرى عبد الغني
245 1 0 _aمعجم المعاجم العربية /
264 1 _aبيروت :
_bدار الجيل،
_c1991.
300 _a280ص
650 1 7 _aاللغة العربية
650 1 7 _aالقواميس
942 _2ddc
_cBK
999 _c10626
_d10626